000 00460nam a2200193Ia 4500
005 20250425160810.0
008 250425s9999 xx 000 0 und d
041 _aeng
082 _a537.6
100 _aEARNSHAW, JOSEPH BRIAN
245 0 _aAN INTRODUCTION TO A-C CIRCUIT THEORY
250 _aS.E.
260 _aLONDON
260 _aReino Unido
_bMACMILLAN
_c1966
300 _a246
650 _aCIRCUITOS ELECTRICOS
942 _c01
010 _a5452
999 _c196341
_d196341